Statistics for Europe According to Swedish Google Users

Click here to take the quiz!

General Stats

  • This quiz has been taken 149 times
  • The average score is 4 of 16

Answer Stats

Why is country so...?Answer% Correct
Switzerlandrich
74%
Polandpoor
66%
Russiabig
44%
Denmarksmall
41%
United Kingdomexpensive
40%
Finlandboring
26%
Hungaryracist
14%
Francegay
12%
Italypopular
10%
Spainempty
7%
Irelandreligious
7%
Czech Republicatheist
6%
Croatiagood at sports
6%
Germanysuccessful
6%
Icelandpeaceful
5%
Norwaybad at hockey
4%

Score Distribution

Percentile by Number Answered

Percent of People with Each Score

Your Score History

You have not taken this quiz